| 000 | 01565nam a2200337 i 4500 | ||
|---|---|---|---|
| 003 | EG-GICUC | ||
| 005 | 20260428130221.0 | ||
| 008 | 260428s1946 ua ||f |||| 00| 0 ara d | ||
| 040 |
_a EG-GICUC _bara _c EG-GICUC _d EG-GICUC _erda |
||
| 041 | _aara | ||
| 082 | 0 | 4 |
_221 _a343.16331 _bم ح . م |
| 092 | 0 | 4 | _221 |
| 099 | _aLaw1 10 343.16331 م ح . م 1946 1011143 V6, C1 | ||
| 100 | 0 |
_aمحمود أحمد عمر _eمؤلف. |
|
| 245 | 1 | 0 |
_aمجموعة القواعد القانونية التي قررتها محكمة النقض والإبرام في المواد الجنائية. _nالجزء السادس، _pعن المدة من 2 نوفمبر سنة 1942 لغاية 29 أكتوبر سنة 1945 / _cوضعها محمود أحمد عمر؛ راجعها سيد مصطفى باشا. |
| 264 | 1 |
_aالقاهرة : _bمطبعة دار الكتب المصرية ، _c1946. |
|
| 300 |
_a895 صفحة ؛ _c24 سم. _bإيضاحيات، صور، مثيليات ؛ |
||
| 336 |
_2rda content _atext |
||
| 337 |
_2rda media _aComputer |
||
| 338 |
_2rda carrier _aOnline Resource |
||
| 500 | _aيشتمل على فهرس هجائي. | ||
| 504 | _a. 240-220 ببليوجرافيا: صفحات. | ||
| 546 | _aالنص باللغة العربية | ||
| 650 | 1 | 4 |
_aالقانون الجنائي _2qrmak |
| 650 | 1 | 4 |
_aالقواعد العامة في تطبيق العقوبات _2qrmak |
| 651 | 1 | _2qrmak | |
| 700 | 0 |
_aسيد مصطفى _eمراجع. |
|
| 856 | 4 | 0 | _uhttps://fll.law.cu.edu.eg/fulltext/bks/B10-11143.pdf |
| 905 | _a164 | ||
| 942 |
_2ddc _cBK _e21 _n0 |
||
| 999 |
_c73906 _d73906 |
||